Management in Russian industry and agriculture / (Record no. 2986)
[ view plain ]
| 000 -LEADER | |
|---|---|
| fixed length control field | 01397cam a22003611a 4500 |
| 001 - CONTROL NUMBER | |
| control field | 2986 |
| 003 - CONTROL NUMBER IDENTIFIER | |
| rucl marc code | BD-RjUL |
| 005 - DATE AND TIME OF LATEST TRANSACTION | |
| control field | 20211208233644.0 |
| 008 - FIXED-LENGTH DATA ELEMENTS--GENERAL INFORMATION | |
| fixed length control field | 131217r19461944 enk b 001 0 eng |
| 035 ## - SYSTEM CONTROL NUMBER | |
| System control number | (BD-RjUL)3014 |
| System control number | (OCoLC)519109 |
| 040 ## - CATALOGING SOURCE | |
| Original cataloging agency | DLC |
| Transcribing agency | OClU |
| Modifying agency | OCoLC |
| -- | TNJ |
| -- | TxKT |
| -- | DLC |
| -- | BD-RjUL |
| Language of cataloging | eng |
| 041 ## - LANGUAGE CODE | |
| Language code of text/sound track or separate title | eng |
| 082 ## - DEWEY DECIMAL CLASSIFICATION NUMBER | |
| Classification number | 338 |
| Author mark and year | BIM 1946 |
| 100 1# - MAIN ENTRY--PERSONAL NAME | |
| Personal name | Bienstock, Gregory, |
| Dates associated with a name | 1885-1954. |
| 9 (RLIN) | 9508 |
| 245 10 - TITLE STATEMENT | |
| Title | Management in Russian industry and agriculture / |
| Statement of responsibility, etc. | Gregory Bienstock, Solomon M. Schwarz, and Aaron Yugow ; edited by Arthur Feiler and Jacob Marschak. |
| 260 ## - PUBLICATION, DISTRIBUTION, ETC. (IMPRINT) | |
| Place of publication, distribution, etc. | London : |
| -- | New York : |
| Name of publisher, distributor, etc. | Oxford University Press, |
| Date of publication, distribution, etc. | c1944 [Reprint 1946]. |
| 300 ## - PHYSICAL DESCRIPTION | |
| Pagination | xxxii, 198 p. ; |
| Size | 22 cm. |
| 504 ## - BIBLIOGRAPHY, ETC. NOTE | |
| Bibliography, etc | "Titles of Russian periodicals": p. 187-188. Includes bibliographical references and index. |
| 650 #0 - SUBJECT ADDED ENTRY--TOPICAL TERM | |
| Topical term or geographic name as entry element | Industries |
| Geographic subdivision | Soviet Union. |
| 9 (RLIN) | 9254 |
| Topical term or geographic name as entry element | Agriculture, Cooperative |
| Geographic subdivision | Soviet Union. |
| 9 (RLIN) | 9510 |
| Topical term or geographic name as entry element | Factory management |
| Geographic subdivision | Soviet Union. |
| 9 (RLIN) | 9511 |
| Topical term or geographic name as entry element | Farm management |
| Geographic subdivision | Soviet Union. |
| 9 (RLIN) | 9512 |
| 700 1# - ADDED ENTRY--PERSONAL NAME | |
| Personal name | Schwarz, Solomon M. |
| Personal name | I︠U︡gov, Aron. |
| Personal name | Feiler, Arthur, |
| Dates associated with a name | 1879-1942. |
| Personal name | Marschak, Jacob, |
| Dates associated with a name | 1898-1977. |
| Personal name | Solow, Herbert. |
| 942 ## - ADDED ENTRY ELEMENTS (KOHA) | |
| Source of classification or shelving scheme | Dewey Decimal Classification |
| Koha item type | Books |
| Lost status | Source of classification or shelving scheme | Damaged status | Not for loan | Collection code | Permanent Location | Current Location | Shelving location | Date acquired | Source of acquisition | Cost, normal purchase price | Total Checkouts | Full call number | Date last seen | Copy number | Koha item type |
|---|---|---|---|---|---|---|---|---|---|---|---|---|---|---|---|
| Dewey Decimal Classification | Not For Loan | Non-fiction | Central Library, University of Rajshahi | Central Library, University of Rajshahi | 04/08/1955 | O. U. P. | 8.00 | 338 BIM 1946 | 17/12/2013 | C-1 | Books |